Book Characters by Description - Statistics

General Stats
  • This quiz has been taken 25 times
  • The average score is 4 of 10
Answer Stats
Question Answer % Correct
She had scraggly, waist-length, dirty-blonde hair, very pale eyebrows and protuberant eyes that gave her a permanently surprised look. Luna Lovegood from Harry Potter
83%
"He was ninety-six and a half, and that is just about as old as anybody could be. Like all extremely old people, he was delicate and weak, and throughout the day he spoke very little. Grandpa Joe from Charlie and the Chocolate Factory
50%
He was a tall man with powerful shoulders, a fierce dark face, and eyes that seem to flash and glitter with savage laughter. It was a face to be dominated by, or to fight: never a face to patronize or pity. Lord Asriel from His Dark Materials Trilogy
50%
She's the twelve-year old... up close she looks about ten. She has bright, dark eyes and satiny brown skin and stands tilted up on her toes with her arms slightly extended to her sides, as if ready to take wing at the slightest sound. Rue from the Hunger Games
50%
[He] was about six-and-a-half feet tall, judging by his tracks; he dined on raw squirrels and any cats he could catch, that's why his hands were bloodstained. Arthur "Boo" Radley from To Kill a Mockingbird
33%
[His] face was ageless, neither old nor young, though in it was written the memory of many things both good and sorrowful. His hair was dark as the shadows of twilight, and upon it was a circlet of silver; his eyes were grey as a clear evening, and in them was a light like the light of the stars. Elrond from The Fellowship of the Ring
33%
She had a decided mouth, a comical nose, and sharp, gray eyes, which appeared to see everything, and were by turns fierce, funny, or thoughtful. Her long, thick hair was her one beauty, but it was usually bundled into a net, to be out of her way. Jo March from Little Women
33%
She wore a slim cool black dress, black sandal, a pearl choker. For all her chic thinness, she had an almost breakfast cereal air of health, a soap and lemon cleanness, a rough pink, a rough pink darkening in the cheeks. Holly Golightly from Breakfast at Tiffany's
17%
I had all the characteristics of a human being -- flesh, blood, skin, hair -- but my depersonalization was so intense, had gone so deep, that my normal ability to feel compassion had been eradicated. Patrick Bateman from American Psycho
17%
Her eyes were large and very blue, a young girl's eyes, trusting and guileless, but the rest...her features were broad and coarse, her teeth prominent and crooked, her mouth too wide, her lips so plump they seemed swollen. Lady Brienne of Tarth from A Clash of Kings
0%
No matching quizzes found
Score Distribution
Percent of People with Each Score
Percentile by Number Answered
Your Score History
You have not taken this quiz